Дело о введении всеобщего обучения в Шлиссельбургском уезде Петербургской губернии Петербургского учебного округа

Доступно только в Электронных читальных залах Найти на картеНа карте
RUSMARC
00004058nmc2a22002653x 450
001fb6d1b67-a274-45be-bd7b-4811a1280bf2
00520210319204948.0
100##$a20200728l18901918k l0rusy0189 ca
1010#$arus
102##$aRU
105##$ae###
1222#$ad
2001#$aДело о введении всеобщего обучения в Шлиссельбургском уезде Петербургской губернии Петербургского учебного округа
$jбез даты
215##$a30 л.
$d36,5х26 см
$cплан.
251##$cДело
300##$aНа обложке указано: "К делу 44"
300##$aОриг. заголовок дела: Планы и сметы Шлиссельбургского уезда Санкт-Петербургской губернии. без даты
371##$aДокумент не является опубликованным и широко распространяемым
461#0$1001a74412a3-3cc5-4d21-8f0a-dfe2fbd9e72d
$12001
$aДепартамент народного просвещения Министерства народного просвещения (1803-1917)
$1251
$cФонд
$1852
$j733
462#0$1001c9c0f809-e1ee-458c-a921-141b7f77403e
$12001
$aДела разряда по всеобщему обучению
$1251
$cОпись
$1852
$j186
5171#$aПланы и сметы Шлиссельбургского уезда Санкт-Петербургской губернии. без даты
801#0$aRU
$bРГИА
$c20200728
$gRCR
801#1$aRU
$bГлавНИВЦ
$c20200728
$2rusmarc
801#2$aRU
$bПБ им. Б.Н. Ельцина
$c20210319
$gRCR
$2rusmarc
850##$aРГИА
852##$aРГИА
$eФедеральное казенное учреждение "Российский государственный исторический архив" (РГИА)
$j193
937##$hРГИА
$d12344771
$aASBIBLIO_SCAN
035##$aRusGRCC00010093
856##$uhttp://readingroom.main.prlib.ru/item.aspx?id_node=n159366884&mode=full
Формат отображения